La reforma de Barcelona (Record no. 166559)

MARC details
000 -LEADER
campo de control de longitud fija 00769nam a2200169 i 4500
001 - NÚMERO DE CONTROL
campo de control 166559
003 - IDENTIFICADOR DE NÚMERO DE CONTROL
campo de control ES-MaACL
005 - FECHA Y HORA DE LA ÚLTIMA TRANSACCIÓN
campo de control 20230906213345.0
008 - DATOS DE LONGITUD FIJA--INFORMACIÓN GENERAL
campo de control de longitud fija 050915s1880 sp |||| | spa d
100 1# - ENTRADA PRINCIPAL--NOMBRE DE PERSONA
Nombre de persona Tort y Martorell, Javier.
9 (RLIN) 133343
245 13 - MENCIÓN DEL TÍTULO
Título La reforma de Barcelona
Resto del título : discurso pronunciado en el Ateneo Barcelonés, en la sesión del dia 26 de enero de 1880 /
Mención de responsabilidad, etc. por Javier Tort y Martorell.
260 ## - PUBLICACIÓN, DISTRIBUCIÓN, ETC.
Lugar de publicación, distribución, etc. Barcelona :
Nombre del editor, distribuidor, etc. [s.n.],
Fecha de publicación, distribución, etc. 1880 (
Fabricante Imp. de los Sucesores de N. Ramírez y Cª)
300 ## - DESCRIPCIÓN FÍSICA
Extensión 68 p. ;
Dimensiones 24 cm.
650 #4 - PUNTO DE ACCESO ADICIONAL DE MATERIA--TÉRMINO DE MATERIA
Término de materia o nombre geográfico como elemento de entrada Urbanismo-
Subdivisión geográfica Barcelona-
Subdivisión de forma Historia.
9 (RLIN) 169011
710 2# - ENTRADA AGREGADA--NOMBRE DE ENTIDAD CORPORATIVA
Nombre de entidad corporativa o nombre de jurisdicción como elemento de entrada Ateneu Barcelonès.
9 (RLIN) 2060
852 ## - LOCALIZACIÓN
Ubicación ES-MaACL
Número de control de estantería T-1269-F-5
Nota libre - Enc. hol., conservando cub. original
-- . - Ded. del autor a Laureano Figuerola
-- - Enc. en un vol. facticio
Holdings
Estatus retirado Estado de pérdida Estado de daño No para préstamo Colección Biblioteca de origen Biblioteca actual Ubicación en estantería Fecha de adquisición Total de préstamos Signatura topográfica completa Código de barras Visto por última vez Precio de reemplazo Tipo de ítem Koha
        Colección de folletos Biblioteca del Ateneo de Madrid Biblioteca del Ateneo de Madrid Depósito folletos 17/01/2008   T-1269-F-5 1174689 23/02/2023 23/02/2023 Folleto